000 00614nam a2200229 a 4500
999 _c3687
_d3687
001 3687
003 BD-JhCC
005 20171116171926.0
008 171116s2004 bg |||| ||a| 000 0 ben d
020 _a9844070477
035 _a(BD-JhCC)3687
040 _aBD-JhCC
_dBD-JhCC
041 _aben
082 _a891.4415
_bALM 2004
100 _aআলম, সফিউল
245 _aআবেগ বিলাস /
_cসফিউল আলম
260 _aঢাকা :
_bঅনির্বাণ,
_c২০০৪.
300 _a32 p. :
_c21 cm.
650 _aBengali Poem
942 _2ddc
_cBK